La sucesin̤ nobiliaria

Detalles Bibliográficos
Autor principal: Martelo De La Maza Garca̕, Marcial
Formato: eBook
Lenguaje:español
Publicado: Madrid: Dykinson, 2013
Materias:
Acceso en línea:Acceso restringido

MARC

LEADER 00000nam a22000007a 4500
005 20140710221957.0
007 cr|||| ||||
008 140710s2013 es |||||s|||| 00||0 spa d
020 |a 978-84-9031-945-1 
035 |a 12224 
040 |a vLex 
090 |c 5012  |d 5012 
100 1 |a Martelo De La Maza Garca̕, Marcial 
245 1 3 |a La sucesin̤ nobiliaria  |h [Recurso electrn̤ico] /  |c Marcial Martelo De La Maza Garca̕ 
256 |a Servicio en ln̕ea 
260 |a Madrid:  |b Dykinson,  |c 2013 
300 |a 1 recurso electrn̤ico 
500 |a Ha sido frecuente el tratamiento del Derecho nobiliario desde una perspectiva dinm̀ica en la que se dan cita variados modos de adquirir autn̤omos y completos en s ̕mismos: la cesin̤, la distribucin̤, la usucapin̤, la sentencia que reconoce el mejor derecho, la rehabilitacin̤…, pero el autor de la presente monografa̕, consumado especialista en Derecho nobiliario, defiende hasta sus l︢timas consecuencias la naturaleza del Derecho nobiliario como Derecho civil especial en el que las anteriores figuras solamente son piezas o componentes de la sucesin̤, el n︢ico tt̕ulo de adquisicin̤, propiamente dicho, de las mercedes. La temt̀ica de la sucesin̤ nobiliaria ha cobrado un renovado interš a raz̕ de las sentencias plenarias pronunciadas por la Sala Primera del Tribunal Supremo en los l︢timos aǫs, lo que justifica sobradamente un nuevo tt̕ulo de la coleccin̤ Derecho de sucesiones de la editorial. Doctor en Derecho por la Universidad Complutense, Marcial Martelo de la Maza suma cerca de veinte aǫs de ejercicio profesional en el Bufete Lp̤ez Vilas, pero su intensa actividad profesional no le ha impedido dedicar buena parte de su tiempo al terreno de la investigacin̤, donde adems̀ de šte y otros tt̕ulos anteriores sobre Derecho nobiliario, ha publicado interesantes trabajos sobre propiedad intelectual y sus entidades de gestin̤ o sobre responsabilidad civil profesional, entre otros variados temas. Mariano Yzquierdo Tolsada Catedrt̀ico de Derecho civil Director de la coleccin̤. 
506 1 |a Disponible solo en los productos indicados  |d vLex Global  |d vLex Global (Academic Edition, excluding Law Schools)  |d vLex Global (U.S. Academic Edition, Law Schools)  |d vLex Global (U.S. Academic Edition, excluding Law Schools)  |d vLex Global (Academic Edition, Law Schools) 
650 0 4 |a Derecho Civil  |z Espaą 
740 0 |a vLex Libros (Servicio en ln̕ea) 
856 4 0 |u http://vlex.com/source/sucesion-nobiliaria-12224  |z Acceso restringido 
942 |c BOOK 
999 0 |a Civil Law